00341nam a2200133Ia 4500008004100000041000800041082001400049100001500063245004500078250001400123260003100137300003200168365000700200240624s9999 xx 000 0 und d aeng a174.4 MAT aMATHUR U C aCORPORATE GOVERNANCE BUSINESS ETHICS TEX a(2nd ed.) c2012aNew DelhibMacmillan axiii, : 419 : p. : cm. ; 21 cRS